000 00744nam a2200253Ia 4500
003 OSt
005 20220918221510.0
006 a|||||r|||| 00| 0
007 ta
008 220917b |||||||| |||| 00| 0 eng d
024 _a192,639
037 _cTextual
040 _aARTS
_cARTS
_beng
041 _2eng
_aeng
082 _aW,8:5, N9
100 _aRouban Luc Ed.
_9140624
245 0 _aCitizens and the new governance
_b beyond new public management
260 _aAmsterdam
_bIOS Press
_c1999
300 _aviii,239p.
_ccm.
490 _aInternational institute of administrative science monographs, V.10
650 _aPOLITICAL SCIENCE
942 _hW,8:5, N9
_cTEXL
_2CC
999 _c272725
_d272725